000 00397cam a2200169 4500
001 D13228
008 090401t1955 xxu||||| |||| 00| 0 eng d
035 _a(Sirsi) u8596
041 _aeng
100 _aLeach, W. A.
245 _aPlanning and compensation law
260 _aLondon
_bEstates Gazette
_c1955
350 _a0
520 _aShelf 118; 2 copies
942 _n0
948 _c04/03/1997
999 _c86535
_d86535